Score 0/24 Timer 08:00
4 Plays Today
% Correct
James Stewart
87.2%
Humphrey Bogart
84.8%
Orson Welles
84.5%
Katharine Hepburn
83.4%
Cary Grant
83.4%
Gregory Peck
83.3%
Grace Kelly
81.4%
Vivien Leigh
80.3%
Tony Curtis
79.9%
Henry Fonda
79.4%
Alec Guinness
78%
Natalie Wood
75.7%
% Correct
James Cagney
75%
Lauren Bacall
74.2%
Laurence Olivier
73.8%
Ginger Rogers
69.6%
Joseph Cotten
67.8%
Ingrid Bergman
67.4%
Gary Cooper
65.5%
Greta Garbo
65.3%
Ava Gardner
64.5%
Veronica Lake
62.8%
Rita Hayworth
61.4%
Lana Turner
59.9%
Remove Ads.
Support Sporcle.
Get the best of Sporcle when you Go Orange. This ad-free experience offers more features, more stats, and more fun while also helping to support Sporcle. Thank you for becoming a member.

You're not logged in!

Compare scores with friends on all Sporcle quizzes.
OR
Log In

Show Comments

Extras

Top Quizzes Today


Score Distribution

Your Account Isn't Verified!

In order to create a playlist on Sporcle, you need to verify the email address you used during registration. Go to your Sporcle Settings to finish the process.

Report this User

Report this user for behavior that violates our Community Guidelines.

Details: